| 000 | 00440nam a2200169Ia 4500 | ||
|---|---|---|---|
| 001 | 39120 | ||
| 008 | 140423s9999 xx 000 0 und d | ||
| 020 | _aNA | ||
| 040 | _cPK-LaUMT | ||
| 082 |
_a 297 _bWAH-F |
||
| 100 | _aWaheed ud Din Khan | ||
| 245 |
_aFikr-e-Islami (Urdu) _bafkar-e-Islami ki tashreh-o-tozeh _cWaheed ud Din Khan |
||
| 260 |
_aLahore,Pakistan: _bDaruttazkeer, _c2006 |
||
| 300 | _a239 p. | ||
| 546 | _aEN | ||
| 942 | _cBK | ||
| 999 |
_c38435 _d38435 |
||